000 00942nas a2200313 4500
001 BR0804435
003 BR-BrBNA
005 20231205111817.0
007 ta
008 230509b bl.|||p| |||| 00| 00por d
040 _aBR-BrBNA
_bpor
_cBiblioteca Nacional de Agricultura
041 _a(Pt)
072 _aL53; H50; L70
100 1 _aPinto, V.M.
100 1 _aAllgayer, M. da C.
100 1 _aPereira, R.A.
100 1 _aMello, J.R.B. de
100 1 _aBreyer, A.S.
100 1 _aOliveira, M.E.M. de
245 1 _aAvaliação do uso de Piper methysticum quanto ao desenvolvimento de hepatotoxicidade em ratos Wistar
650 _aRATO BRANCO
650 _aMEDICAMENTO
650 _aFITOTOXICIDADE
650 _aPRENHEZ
650 _aPIPERACEAE
773 0 _tVeterinária em Foco (Brazil)
_xISSN 1679-5237
_g(May-Dec 2005), v. 3(1) p. 17-28
_wBR0804435
909 _a202311
_bLúcia
_c55
_dLúcia Elande
942 _2AGRIS
_n0
_cANA
999 _c194584
_d194584